• AIU
  • Tony Wilmot Memorial Library

Microsoft workgroup add-on for windows: (Record no. 61656)

MARC details
000 -LEADER
fixed length control field 00758nam a22002057a 4500
003 - CONTROL NUMBER IDENTIFIER
control field OSt
005 - DATE AND TIME OF LATEST TRANSACTION
control field 20150427165541.0
008 - FIXED-LENGTH DATA ELEMENTS--GENERAL INFORMATION
fixed length control field 150427b xxu||||| |||| 00| 0 eng d
040 ## - CATALOGING SOURCE
Original cataloging agency DLC
Language of cataloging DLC
Transcribing agency DLC
050 ## - LIBRARY OF CONGRESS CALL NUMBER
Classification number QA 76.76
Item number .O63W56 1993
110 ## - MAIN ENTRY--CORPORATE NAME
Corporate name or jurisdiction name as entry element Microsoft Corporation
9 (RLIN) 26023
245 ## - TITLE STATEMENT
Title Microsoft workgroup add-on for windows:
Remainder of title User's guide for the microsoft windows operting system
Statement of responsibility, etc Microsoft Corporation
260 ## - PUBLICATION, DISTRIBUTION, ETC. (IMPRINT)
Place of publication, distribution, etc Bothell, WA
Name of publisher, distributor, etc Microsoft Corporation
Date of publication, distribution, etc c1993
300 ## - PHYSICAL DESCRIPTION
Extent xvi, 270p. (2 v. in 1)
Other physical details ill.
Dimensions 23cm
504 ## - BIBLIOGRAPHY, ETC. NOTE
Bibliography, etc Includes indexes
650 ## - SUBJECT ADDED ENTRY--TOPICAL TERM
Topical term or geographic name as entry element Microsoft windows
Form subdivision (Computer file)
General subdivision Guide books
9 (RLIN) 37050
650 ## - SUBJECT ADDED ENTRY--TOPICAL TERM
Topical term or geographic name as entry element Operating systems
Form subdivision (computers)
9 (RLIN) 37051
650 ## - SUBJECT ADDED ENTRY--TOPICAL TERM
Topical term or geographic name as entry element Windows
Form subdivision (Computer programs)
General subdivision Guidevbooks
9 (RLIN) 37052
942 ## - ADDED ENTRY ELEMENTS (KOHA)
Source of classification or shelving scheme Library of Congress Classification
Koha item type Books
Holdings
Withdrawn status Lost status Source of classification or shelving scheme Damaged status Not for loan Collection code Home library Current library Shelving location Date acquired Source of acquisition Cost, normal purchase price Total Checkouts Full call number Barcode Date last seen Copy number Price effective from Koha item type
    Library of Congress Classification     General Circulation AIU/NEGST - Tony Wilmot Memorial Library AIU/NEGST - Tony Wilmot Memorial Library General Stacks 04/27/2015 Donation-TBN 20.00   QA 76.76.O63W56 1993 R32544W3232 09/26/2019 1 04/27/2015 Books